<?xml version="1.0" encoding="UTF-8"?>
<record
    xmlns:xsi="http://www.w3.org/2001/XMLSchema-instance"
    xsi:schemaLocation="http://www.loc.gov/MARC21/slim http://www.loc.gov/standards/marcxml/schema/MARC21slim.xsd"
    xmlns="http://www.loc.gov/MARC21/slim">

  <leader>02110nam a2200313uu 4500</leader>
  <controlfield tag="001">1457858</controlfield>
  <controlfield tag="005">20240129081330.0</controlfield>
  <controlfield tag="007">cr|||||||</controlfield>
  <controlfield tag="008">170119s2016                        spa  </controlfield>
  <datafield tag="035" ind1=" " ind2=" ">
    <subfield code="a">1457858</subfield>
  </datafield>
  <datafield tag="040" ind1=" " ind2=" ">
    <subfield code="c">comduadb</subfield>
  </datafield>
  <datafield tag="041" ind1=" " ind2=" ">
    <subfield code="a">spa</subfield>
  </datafield>
  <datafield tag="080" ind1=" " ind2=" ">
    <subfield code="a">CA</subfield>
  </datafield>
  <datafield tag="100" ind1="1" ind2="0">
    <subfield code="a">Arroyave Montoa, Liliana</subfield>
    <subfield code="4">aut</subfield>
    <subfield code="e">aut</subfield>
    <subfield code="9">734247</subfield>
  </datafield>
  <datafield tag="245" ind1="1" ind2="5">
    <subfield code="a">Uno, dos cuenta con mi voz participaci&#xF3;n infantil: un derecho por ejercer - Hogar Amadeo</subfield>
  </datafield>
  <datafield tag="260" ind1=" " ind2=" ">
    <subfield code="a">Medell&#xED;n :</subfield>
    <subfield code="b">Autor(a),</subfield>
    <subfield code="c">2016.</subfield>
  </datafield>
  <datafield tag="300" ind1=" " ind2=" ">
    <subfield code="a">412 p&#xE1;ginas.</subfield>
  </datafield>
  <datafield tag="520" ind1="3" ind2=" ">
    <subfield code="a">Esta investigaci&#xF3;n la abordamos a partir de la participaci&#xF3;n infantil, como problem&#xE1;tica identificada en distintos espacios de formaci&#xF3;n. Enfoc&#xE1;ndonos en el Hogar Amadeo como espacio de investigaci&#xF3;n, ya que responde a la modalidad de centro de protecci&#xF3;n de ni&#xF1;as y adolescentes (NA)1. En &#xE9;ste realizamos indagaciones sobre diferentes categor&#xED;as que conllevan a la participaci&#xF3;n infantil, haciendo uso de la investigaci&#xF3;n acci&#xF3;n educativa (IAE) mediada por el juego; empleando t&#xE9;cnicas como: la entrevista semiestructurada, observaci&#xF3;n participante, diarios de campo, planeaciones y revisi&#xF3;n documental. Con lo que logramos realizar reflexiones pedag&#xF3;gicas en torno a las pr&#xE1;cticas que all&#xED; se ejercen, llevando a generar la estrategia Amigas con voz, construida con y para la poblaci&#xF3;n involucrada, fortaleciendo las pr&#xE1;cticas de participaci&#xF3;n. Adem&#xE1;s, nos permitieron comprender las diversas posturas de los colectivos, frente a la formaci&#xF3;n integral, lo referente a la tem&#xE1;tica abordada y la conveniencia de poner en escena las diferentes posturas y percepciones de los sujetos que hacen parte de una comunidad.</subfield>
  </datafield>
  <datafield tag="650" ind1=" " ind2=" ">
    <subfield code="a">Participaci&#xF3;n</subfield>
    <subfield code="9">32807</subfield>
  </datafield>
  <datafield tag="650" ind1=" " ind2=" ">
    <subfield code="a">Autonom&#xED;a infantil</subfield>
    <subfield code="9">22513</subfield>
  </datafield>
  <datafield tag="650" ind1=" " ind2=" ">
    <subfield code="a">Sujeto</subfield>
    <subfield code="9">13419</subfield>
  </datafield>
  <datafield tag="700" ind1="1" ind2="0">
    <subfield code="a">Astaiza Villada, Yeni Andrea</subfield>
    <subfield code="4">aut</subfield>
    <subfield code="e">aut</subfield>
    <subfield code="9">734248</subfield>
  </datafield>
  <datafield tag="700" ind1="1" ind2="0">
    <subfield code="a">V&#xE9;lez Ram&#xED;rez, Walter Gabriel</subfield>
    <subfield code="4">ths</subfield>
    <subfield code="e">ths</subfield>
    <subfield code="9">613238</subfield>
  </datafield>
  <datafield tag="700" ind1="1" ind2="0">
    <subfield code="a">Cano Garcia, Jader Andr&#xE9;s</subfield>
    <subfield code="4">ths</subfield>
    <subfield code="e">ths</subfield>
    <subfield code="9">743079</subfield>
  </datafield>
  <datafield tag="856" ind1="4" ind2=" ">
    <subfield code="u">https://bibliotecadigital.udea.edu.co/handle/10495/23162</subfield>
  </datafield>
  <datafield tag="942" ind1=" " ind2=" ">
    <subfield code="c">TESIS</subfield>
    <subfield code="n">0</subfield>
  </datafield>
  <datafield tag="999" ind1=" " ind2=" ">
    <subfield code="c">757212</subfield>
    <subfield code="d">757212</subfield>
  </datafield>
  <datafield tag="502" ind1=" " ind2=" ">
    <subfield code="b">146</subfield>
    <subfield code="c">15</subfield>
  </datafield>
  <datafield tag="526" ind1=" " ind2=" ">
    <subfield code="a">148</subfield>
  </datafield>
</record>
